Normal view
MARC view
- Amin, Syed Tahir
Entry Personal Name
001 - CONTROL NUMBER
- control field: 17129
003 - CONTROL NUMBER IDENTIFIER
- control field: NUST
005 - DATE AND TIME OF LATEST TRANSACTION
- control field: 20190709055543.0
008 - FIXED-LENGTH DATA ELEMENTS
- fixed length control field: 190709|| aca||aabn | a|a d
040 ## - CATALOGING SOURCE
- Original cataloging agency: NUST
- Transcribing agency: NUST
100 ## - HEADING--PERSONAL NAME
- Personal name: Amin, Syed Tahir
670 ## - SOURCE DATA FOUND
- Source citation: Work cat.: (NUST): Amin, Syed Tahir, Practical Teleportation of an Unknown Quantum State /, 2015.
